| 000 | 00434nam a22001817a 4500 | ||
|---|---|---|---|
| 003 | MPLRDC | ||
| 005 | 20220104143721.0 | ||
| 008 | 210129b ||||| |||| 00| 0 eng d | ||
| 082 | _a947.416 XYZ | ||
| 100 | _a萧言中 | ||
| 245 |
_a童话短路 SHORT II _c |
||
| 250 | _a48版 | ||
| 260 |
_a _b时报文化出版社 _c1990 |
||
| 300 | _b平 | ||
| 490 | _a时报漫画丛书. 61 | ||
| 650 | _a漫画 | ||
| 942 |
_cBK _o947.416 XYZ |
||
| 999 |
_c42643 _d42633 |
||